[Event "Steyr Landesliga 1617"]
[Site "Austria"]
[Date "2016.11.05"]
[Round "4.5"]
[White "Sonnberger, Thomas"]
[Black "Hatzl, Johannes"]
[Result "1/2-1/2"]
[WhiteElo "2180"]
[BlackElo "2076"]
[PlyCount "42"]
[EventDate "2016.10.01"]
[EventType "team-tourn"]
[EventRounds "11"]
[EventCountry "AUT"]
[SourceTitle "EXT 2018"]
[Source "ChessBase"]
[SourceDate "2017.10.13"]
[SourceVersion "1"]
[SourceVersionDate "2017.10.13"]
[SourceQuality "1"]
[WhiteTeam "Gleisdorf"]
[BlackTeam "Fuerstenfeld/Hartberg"]
[WhiteTeamCountry "AUT"]
[BlackTeamCountry "AUT"]

1. Nf3 d5 2. g3 c5 3. Bg2 Nc6 4. d4 Nf6 5. 0-0 e6 6. c4 dxc4 7. Ne5 Bd7 8. Na3 cxd4 9. Naxc4 Bc5 10. Bf4 0-0 11. Nd3 Be7 12. b4 Nd5 13. b5 Na5 14. Nxa5 Qxa5 15. a4 Nxf4 16. gxf4 Rab8 17. Ne5 Rfd8 18. Qxd4 Bc6 19. Nxc6 bxc6 20. Qc4 cxb5 21. axb5 Qxb5 1/2-1/2

[Event "AUT-chT2M 1516"]
[Site "Austria"]
[Date "2015.11.14"]
[Round "4.6"]
[White "Schrittwieser, Herbert"]
[Black "Sonnberger, Thomas"]
[Result "1/2-1/2"]
[WhiteElo "2158"]
[BlackElo "2196"]
[PlyCount "37"]
[EventDate "2015.10.02"]
[EventType "team-tourn"]
[EventRounds "11"]
[EventCountry "AUT"]
[SourceTitle "EXT 2017"]
[Source "ChessBase"]
[SourceDate "2016.10.25"]
[SourceVersion "1"]
[SourceVersionDate "2016.10.25"]
[SourceQuality "1"]
[WhiteTeam "Graz Austria"]
[BlackTeam "Gleisdorf"]
[WhiteTeamCountry "AUT"]
[BlackTeamCountry "AUT"]

1. Nf3 c6 2. c4 d5 3. b3 Nf6 4. Bb2 Bf5 5. g3 e6 6. Bg2 Be7 7. 0-0 h6 8. d3 0-0 9. Nbd2 a5 10. a3 Nbd7 11. Qc2 Bh7 12. Rac1 Qb6 13. Qc3 Nc5 14. Ne5 Rfd8 15. Qc2 Ncd7 16. Ndf3 Nc5 17. Nd2 Ncd7 18. Ndf3 Nc5 19. Nd2 1/2-1/2

[Event "Steyr Landesliga 1415"]
[Site "Austria"]
[Date "2015.04.25"]
[Round "11.5"]
[White "Schrittwieser, Herbert"]
[Black "Sonnberger, Thomas"]
[Result "0-1"]
[WhiteElo "2185"]
[BlackElo "2091"]
[PlyCount "92"]
[EventDate "2014.09.27"]
[EventType "team-tourn"]
[EventRounds "11"]
[EventCountry "AUT"]
[SourceTitle "EXT 2016"]
[Source "ChessBase"]
[SourceDate "2015.10.08"]
[SourceVersion "1"]
[SourceVersionDate "2015.10.08"]
[SourceQuality "1"]
[WhiteTeam "Graz Austria"]
[BlackTeam "Gleisdorf"]
[WhiteTeamCountry "AUT"]
[BlackTeamCountry "AUT"]

1. Nf3 c5 2. c4 g6 3. d4 Bg7 4. e4 Nc6 5. d5 Nd4 6. Nxd4 Bxd4 7. Bd3 d6 8. Nd2 Bg7 9. 0-0 Nf6 10. Nf3 Bg4 11. Re1 Nd7 12. Be2 0-0 13. Ng5 Bxe2 14. Qxe2 h6 15. Nf3 Rb8 16. a4 a6 17. a5 b5 18. axb6 Rxb6 19. Ra2 Qb8 20. Qc2 Qb7 21. e5 Nxe5 22. Nxe5 Bxe5 23. Bxh6 Rb8 24. Bc1 Bxb2 25. g3 Bxc1 26. Rxc1 Rb1 27. Kg2 Rxc1 28. Qxc1 Qb1 29. Qxb1 Rxb1 30. Rxa6 Rb4 31. Ra7 Kf8 32. g4 Rxc4 33. Kg3 g5 34. h4 f5 35. f3 fxg4 36. hxg5 gxf3 37. Kxf3 Rd4 38. g6 Rxd5 39. g7+ Kxg7 40. Rxe7+ Kf6 41. Rc7 Re5 42. Rc8 Ke6 43. Kf4 Kd5 44. Rc7 Re1 45. Rc8 Kd4 46. Kf3 c4 0-1

[Event "Steyr Landesliga 1415"]
[Site "Austria"]
[Date "2014.11.22"]
[Round "5.4"]
[White "Sonnberger, Thomas"]
[Black "Leitner, Kurt"]
[Result "0-1"]
[WhiteElo "2091"]
[BlackElo "2144"]
[PlyCount "38"]
[EventDate "2014.09.27"]
[EventType "team-tourn"]
[EventRounds "11"]
[EventCountry "AUT"]
[SourceTitle "EXT 2016"]
[Source "ChessBase"]
[SourceDate "2015.10.08"]
[SourceVersion "1"]
[SourceVersionDate "2015.10.08"]
[SourceQuality "1"]
[WhiteTeam "Gleisdorf"]
[BlackTeam "Leibnitz Software"]
[WhiteTeamCountry "AUT"]
[BlackTeamCountry "AUT"]

1. d4 e5 2. dxe5 Nc6 3. Nf3 Qe7 4. Qd5 f6 5. exf6 Nxf6 6. Qd1 d5 7. c3 Bg4 8. e3 Bxf3 9. Qxf3 0-0-0 10. Bb5 Ne5 11. Qd1 h5 12. b3 Ne4 13. 0-0 Qh4 14. Qe1 Nf3+ 15. gxf3 Bd6 16. f4 Qg4+ 17. Kh1 Qf3+ 18. Kg1 Rh6 19. f5 Ng5 0-1

[Event "Steyr Landesliga 1314"]
[Site "Austria"]
[Date "2014.02.08"]
[Round "7.5"]
[White "Sonnberger, Thomas"]
[Black "Mussnig, Manfred"]
[Result "1-0"]
[WhiteElo "2126"]
[BlackElo "2160"]
[PlyCount "79"]
[EventDate "2013.09.28"]
[EventType "team-tourn"]
[EventRounds "11"]
[EventCountry "AUT"]
[SourceTitle "EXT 2015"]
[Source "ChessBase"]
[SourceDate "2014.11.20"]
[SourceVersion "1"]
[SourceVersionDate "2014.11.20"]
[SourceQuality "1"]
[WhiteTeam "Gleisdorf"]
[BlackTeam "Leoben"]
[WhiteTeamCountry "AUT"]
[BlackTeamCountry "AUT"]

1. d4 d5 2. Nf3 Nf6 3. g3 g6 4. Bg2 Bg7 5. 0-0 0-0 6. c4 c6 7. cxd5 cxd5 8. Nc3 e6 9. Bf4 a6 10. Rc1 Nc6 11. Ne5 Nxe5 12. Bxe5 Bd7 13. Na4 Bxa4 14. Qxa4 Rc8 15. Qb4 Qd7 16. b3 Rc6 17. Rxc6 Qxc6 18. Qc5 Rc8 19. Rc1 Qxc5 20. Rxc5 Rxc5 21. dxc5 Nd7 22. Bxg7 Kxg7 23. b4 f5 24. e3 Kf6 25. Kf1 Ne5 26. Ke2 Ke7 27. f4 Ng4 28. h3 Nf6 29. Kd3 h6 30. Bf3 Nd7 31. Kd4 Nb8 32. a4 Nc6+ 33. Kc3 Nb8 34. g4 Kf6 35. b5 a5 36. Kd4 g5 37. fxg5+ hxg5 38. gxf5 Kxf5 39. Bg2 Nd7 40. e4+ 1-0

[Event "AUT-chT2M 1314"]
[Site "Austria"]
[Date "2013.10.04"]
[Round "1.6"]
[White "Kainz, Josef"]
[Black "Sonnberger, Thomas"]
[Result "1-0"]
[WhiteElo "1969"]
[BlackElo "2126"]
[PlyCount "65"]
[EventDate "2013.10.04"]
[EventType "team-tourn"]
[EventRounds "11"]
[EventCountry "AUT"]
[SourceTitle "CBM 156 Extra"]
[Source "ChessBase"]
[SourceDate "2013.10.22"]
[SourceVersion "1"]
[SourceVersionDate "2013.10.22"]
[SourceQuality "1"]
[WhiteTeam "Graz Strassenbahn"]
[BlackTeam "Gleisdorf"]
[WhiteTeamCountry "AUT"]
[BlackTeamCountry "AUT"]

1. d4 c5 2. d5 e6 3. c4 exd5 4. cxd5 d6 5. e4 a6 6. a4 g6 7. Nf3 Bg7 8. h3 Nh6 9. Bd3 0-0 10. 0-0 f6 11. Nc3 Nd7 12. Nd2 Nf7 13. f4 Re8 14. Ra3 Qc7 15. Kh1 b6 16. Nc4 Rb8 17. Rb3 Nf8 18. Qf3 Bd7 19. e5 b5 20. axb5 axb5 21. Nxd6 c4 22. Nxe8 Bxe8 23. d6 Qd8 24. Bxc4 bxc4 25. Rxb8 Qxb8 26. Nd5 fxe5 27. Ne7+ Kh8 28. fxe5 Bxe5 29. Bh6 Ne6 30. d7 Nxh6 31. Nc6 Qa8 32. Nxe5 Qd8 33. Qf6+ 1-0

[Event "Zalakaros op 32nd"]
[Site "Zalakaros"]
[Date "2013.05.25"]
[Round "4"]
[White "Kincs, Imre"]
[Black "Sonnberger, Thomas"]
[Result "1-0"]
[WhiteElo "2184"]
[BlackElo "2126"]
[PlyCount "81"]
[EventDate "2013.05.22"]
[EventType "swiss"]
[EventRounds "9"]
[EventCountry "HUN"]
[SourceTitle "CBM 154 Extra"]
[Source "ChessBase"]
[SourceDate "2013.06.25"]
[SourceVersion "2"]
[SourceVersionDate "2013.06.25"]
[SourceQuality "1"]

1. d4 c5 2. d5 e6 3. e4 exd5 4. exd5 d6 5. Nc3 a6 6. a4 Nf6 7. h3 Bf5 8. Nf3 Be7 9. a5 0-0 10. Bd3 Bxd3 11. Qxd3 Re8 12. 0-0 Nbd7 13. Nd2 Bf8 14. f4 Qc7 15. Nc4 b5 16. axb6 Nxb6 17. Bd2 Nxc4 18. Qxc4 Qb7 19. b3 g6 20. Ra4 Nd7 21. Qd3 Nb6 22. Ra3 Qc7 23. Ne4 Bg7 24. c4 Bd4+ 25. Kh2 Qe7 26. Re1 Qh4 27. g3 Qd8 28. Ra2 h6 29. Re2 Ra7 30. Bc3 f5 31. Nf6+ Bxf6 32. Rxe8+ Qxe8 33. Bxf6 Qf7 34. Ba1 g5 35. Qc3 Kh7 36. Qh8+ Kg6 37. Qb8 Qe7 38. Qxb6 Rb7 39. Qxa6 Rxb3 40. Be5 gxf4 41. Bxf4 1-0

[Event "Zalakaros op 32nd"]
[Site "Zalakaros"]
[Date "2013.05.24"]
[Round "3"]
[White "Sonnberger, Thomas"]
[Black "Lechtynsky, Jiri"]
[Result "0-1"]
[WhiteElo "2126"]
[BlackElo "2361"]
[PlyCount "48"]
[EventDate "2013.05.22"]
[EventType "swiss"]
[EventRounds "9"]
[EventCountry "HUN"]
[SourceTitle "CBM 154 Extra"]
[Source "ChessBase"]
[SourceDate "2013.06.25"]
[SourceVersion "2"]
[SourceVersionDate "2013.06.25"]
[SourceQuality "1"]

1. d4 Nf6 2. Nf3 g6 3. g3 Bg7 4. Bg2 0-0 5. 0-0 c6 6. c4 d6 7. Nc3 Qa5 8. e4 Bg4 9. h3 Bxf3 10. Bxf3 Nfd7 11. a3 c5 12. Be3 cxd4 13. Bxd4 Bxd4 14. Qxd4 Nc6 15. Qd5 Qb6 16. b4 Qd4 17. Nb5 Qf6 18. Bg4 Nde5 19. Nc7 Rad8 20. Qb5 e6 21. Qxb7 Qe7 22. f4 Rb8 23. Qa6 Rb6 24. fxe5 Rxa6 0-1

[Event "Balaton op 30th"]
[Site "Heviz"]
[Date "2012.09.26"]
[Round "4"]
[White "Marjanovics, Gyorgy"]
[Black "Sonnberger, Thomas"]
[Result "1/2-1/2"]
[WhiteElo "2125"]
[BlackElo "2142"]
[PlyCount "70"]
[EventDate "2012.09.23"]
[EventType "swiss"]
[EventRounds "9"]
[EventCountry "HUN"]
[SourceTitle "CBM 150 Extra"]
[Source "ChessBase"]
[SourceDate "2012.10.19"]
[SourceVersion "1"]
[SourceVersionDate "2012.10.19"]
[SourceQuality "1"]

1. e4 c6 2. d3 d5 3. Nd2 g6 4. Ngf3 Bg4 5. h3 Bxf3 6. Qxf3 Bg7 7. g3 e6 8. Bg2 Nf6 9. 0-0 0-0 10. Re1 a5 11. a4 Na6 12. c3 d4 13. e5 dxc3 14. bxc3 Nd5 15. d4 c5 16. Ne4 cxd4 17. cxd4 Nab4 18. Bg5 f6 19. exf6 Nxf6 20. Nxf6+ Bxf6 21. Bxf6 Qxf6 22. Qe2 Rf7 23. Rad1 Rd8 24. Qxe6 Qxf2+ 25. Kh2 Qf6 26. d5 Rd6 27. Qc8+ Kg7 28. Re8 Qb2 29. Rg8+ Kh6 30. Qe8 Rf5 31. Qe7 Qe5 32. Qh4+ Rh5 33. Qg4 Rg5 34. Qh4+ Rh5 35. Qg4 Rg5 1/2-1/2

[Event "Zalakaros op 31st"]
[Site "Zalakaros"]
[Date "2012.06.09"]
[Round "2"]
[White "Sonnberger, Thomas"]
[Black "Dankhazi, Andras"]
[Result "1/2-1/2"]
[WhiteElo "2192"]
[BlackElo "2114"]
[PlyCount "40"]
[EventDate "2012.06.08"]
[EventType "swiss"]
[EventRounds "9"]
[EventCountry "HUN"]
[SourceTitle "EXT 2014"]
[Source "ChessBase"]
[SourceDate "2013.11.20"]
[SourceVersion "1"]
[SourceVersionDate "2013.11.20"]
[SourceQuality "1"]

1. d4 Nf6 2. Nf3 e6 3. c4 d5 4. Nc3 c5 5. e3 Nc6 6. Be2 dxc4 7. 0-0 cxd4 8. exd4 Be7 9. Bxc4 0-0 10. Bg5 a6 11. Rc1 b5 12. Bd3 Bb7 13. Re1 Nb4 14. Bb1 Rc8 15. a3 Nbd5 16. Nxd5 Bxd5 17. Rxc8 Qxc8 18. Qd3 Bc4 19. Qc2 Bd5 20. Qd3 Bc4 1/2-1/2

[Event "Zalakaros op 31st"]
[Site "Zalakaros"]
[Date "2012.06.08"]
[Round "1"]
[White "Bokros, Albert"]
[Black "Sonnberger, Thomas"]
[Result "1-0"]
[WhiteElo "2476"]
[BlackElo "2192"]
[PlyCount "41"]
[EventDate "2012.06.08"]
[EventType "swiss"]
[EventRounds "9"]
[EventCountry "HUN"]
[SourceTitle "EXT 2014"]
[Source "ChessBase"]
[SourceDate "2013.11.20"]
[SourceVersion "1"]
[SourceVersionDate "2013.11.20"]
[SourceQuality "1"]

1. e4 c6 2. d4 d5 3. e5 Bf5 4. Nc3 e6 5. g4 Bg6 6. Nge2 c5 7. h4 h5 8. Nf4 cxd4 9. Nxg6 fxg6 10. Nb5 Nc6 11. Nxd4 Nxe5 12. Nxe6 Qd6 13. Bb5+ Ke7 14. Nd4 hxg4 15. Qe2 Nf6 16. Bf4 Ne4 17. 0-0-0 a6 18. Ba4 Rc8 19. Kb1 Qb4 20. Bb3 Nc4 21. Qxg4 1-0

[Event "Weiz-ch op 11th"]
[Site "Weiz"]
[Date "2012.03.25"]
[Round "5"]
[White "Sonnberger, Thomas"]
[Black "Stadler, Alexander"]
[Result "1-0"]
[WhiteElo "2207"]
[BlackElo "2053"]
[PlyCount "101"]
[EventDate "2012.03.21"]
[EventType "swiss"]
[EventRounds "5"]
[EventCountry "AUT"]
[SourceTitle "EXT 2024"]
[Source "ChessBase"]
[SourceDate "2023.10.10"]
[SourceVersion "1"]
[SourceVersionDate "2023.10.10"]
[SourceQuality "1"]

1. d4 Nf6 2. Nf3 e6 3. c4 b6 4. Nc3 Bb4 5. Qb3 c5 6. a3 Bxc3+ 7. Qxc3 cxd4 8. Nxd4 Bb7 9. Bg5 Ne4 10. Bxd8 Nxc3 11. Bh4 Ne4 12. Nb5 g5 13. f3 gxh4 14. fxe4 Kd8 15. Nd6 Kc7 16. Nxf7 Rf8 17. Ng5 h6 18. Nf3 Rf4 19. Nd2 d6 20. e3 Rf6 21. Bd3 Nd7 22. Rf1 Rg6 23. Rf2 Rag8 24. Bf1 Nf6 25. h3 Nxe4 26. Rf7+ Kc8 27. Rxb7 Nxd2 28. Rxa7 Nxf1 29. Ra8+ Kc7 30. Rxg8 Rxg8 31. Kxf1 Kc6 32. Rd1 e5 33. Rd2 Kc5 34. b4+ Kc6 35. Kf2 Ra8 36. Ra2 Rf8+ 37. Ke2 d5 38. Kd3 dxc4+ 39. Kxc4 Rd8 40. a4 e4 41. Rf2 Rd3 42. Rf6+ Kc7 43. Rxh6 Rxe3 44. Rxh4 Re1 45. Kd4 e3 46. Re4 e2 47. Kd3 Ra1 48. Kxe2 Rxa4 49. h4 Kd6 50. h5 Kd5 51. Rh4 1-0

[Event "Weiz-ch op 11th"]
[Site "Weiz"]
[Date "2012.03.23"]
[Round "3"]
[White "Sonnberger, Thomas"]
[Black "Kropik, Martin"]
[Result "1/2-1/2"]
[WhiteElo "2207"]
[BlackElo "2075"]
[PlyCount "87"]
[EventDate "2012.03.21"]
[EventType "swiss"]
[EventRounds "5"]
[EventCountry "AUT"]
[SourceTitle "EXT 2024"]
[Source "ChessBase"]
[SourceDate "2023.10.10"]
[SourceVersion "1"]
[SourceVersionDate "2023.10.10"]
[SourceQuality "1"]

1. d4 Nf6 2. Nf3 g6 3. g3 Bg7 4. Bg2 0-0 5. 0-0 d5 6. c4 dxc4 7. Na3 c3 8. bxc3 c5 9. Ne5 Nd5 10. Bb2 Nc6 11. Nac4 Be6 12. e4 Nxe5 13. Nxe5 Nb6 14. f4 Nc4 15. Nxc4 Bxc4 16. Rf2 cxd4 17. cxd4 b5 18. e5 Bd5 19. Rc1 Bxg2 20. Rxg2 Qd5 21. Qb3 Rfd8 22. Qxd5 Rxd5 23. Rgc2 e6 24. Rc8+ Rd8 25. Rxd8+ Rxd8 26. Rc7 f6 27. Rxa7 fxe5 28. fxe5 Bxe5 29. dxe5 Rd1+ 30. Kf2 Rd2+ 31. Kf3 Rxb2 32. h4 b4 33. g4 Rh2 34. Kg3 Re2 35. Kf4 h6 36. Rb7 Rf2+ 37. Kg3 Rxa2 38. Rxb4 Ra3+ 39. Kf4 Rh3 40. Rb8+ Kf7 41. Rb7+ Kf8 42. Rb6 Kf7 43. Rb7+ Kf8 44. Rb6 1/2-1/2

[Event "Steyr Landesliga 1112"]
[Site "Austria"]
[Date "2012.02.18"]
[Round "9.3"]
[White "Sonnberger, Thomas"]
[Black "Schnider, Gert"]
[Result "0-1"]
[WhiteElo "2207"]
[BlackElo "2358"]
[PlyCount "82"]
[EventDate "2011.09.24"]
[EventType "team-tourn"]
[EventRounds "11"]
[EventCountry "AUT"]
[SourceTitle "EXT 2013"]
[Source "ChessBase"]
[SourceDate "2012.11.22"]
[SourceVersion "1"]
[SourceVersionDate "2012.11.22"]
[SourceQuality "1"]
[WhiteTeam "Weiz"]
[BlackTeam "Hartberg"]
[WhiteTeamCountry "AUT"]
[BlackTeamCountry "AUT"]

1. d4 Nf6 2. c4 e6 3. Nf3 d5 4. Nc3 c6 5. Bg5 dxc4 6. e4 b5 7. e5 h6 8. Bh4 g5 9. Nxg5 hxg5 10. Bxg5 Nbd7 11. exf6 Bb7 12. g3 Qb6 13. Bg2 0-0-0 14. Qe2 Qxd4 15. 0-0 Nc5 16. Rfd1 Nd3 17. a4 b4 18. Be3 Qe5 19. f4 Qxf6 20. Ne4 Qh6 21. h4 Bg7 22. f5 Qh5 23. Qxh5 Rxh5 24. f6 Bh6 25. Bxh6 Rxh6 26. Rd2 c5 27. Rad1 Rhh8 28. b3 c3 29. Rxd3 Rxd3 30. Rxd3 c2 31. Nd6+ Kb8 32. Nxb7 c1Q+ 33. Kh2 Rg8 34. Na5 Kc7 35. Nc6 Qc2 36. Rf3 a6 37. Ne5 Rd8 38. g4 Qe4 39. Nxf7 Rd2 40. Ng5 Qxg4 41. f7 Qxg2# 0-1

[Event "Steyr Landesliga 1112"]
[Site "Austria"]
[Date "2011.11.26"]
[Round "6.3"]
[White "Steiner, Stefan"]
[Black "Sonnberger, Thomas"]
[Result "1/2-1/2"]
[WhiteElo "2272"]
[BlackElo "2207"]
[PlyCount "53"]
[EventDate "2011.09.24"]
[EventType "team-tourn"]
[EventRounds "11"]
[EventCountry "AUT"]
[SourceTitle "EXT 2013"]
[Source "ChessBase"]
[SourceDate "2012.11.22"]
[SourceVersion "1"]
[SourceVersionDate "2012.11.22"]
[SourceQuality "1"]
[WhiteTeam "Graz Strassenbahn"]
[BlackTeam "Weiz"]
[WhiteTeamCountry "AUT"]
[BlackTeamCountry "AUT"]

1. d4 c5 2. dxc5 e6 3. Nc3 Bxc5 4. Ne4 Nf6 5. Nxc5 Qa5+ 6. c3 Qxc5 7. Nf3 0-0 8. Bf4 d5 9. e3 Qb6 10. Qb3 Nbd7 11. Qxb6 Nxb6 12. Bd3 Bd7 13. h3 Rfc8 14. Ne5 Be8 15. g4 Nfd7 16. Nxd7 Bxd7 17. Rc1 f6 18. Bd6 Nc4 19. Bxc4 Rxc4 20. Kd2 Ra4 21. Ra1 Ra6 22. Bb4 b5 23. h4 Rc6 24. Ba5 Ra6 25. Bb4 Rc6 26. Ba5 Ra6 27. Bb4 1/2-1/2

[Event "Steyr Landesliga 1112"]
[Site "Austria"]
[Date "2011.10.29"]
[Round "4.3"]
[White "Walzl, Martin"]
[Black "Sonnberger, Thomas"]
[Result "0-1"]
[WhiteElo "2153"]
[BlackElo "2207"]
[PlyCount "94"]
[EventDate "2011.09.24"]
[EventType "team-tourn"]
[EventRounds "11"]
[EventCountry "AUT"]
[SourceTitle "EXT 2013"]
[Source "ChessBase"]
[SourceDate "2012.11.22"]
[SourceVersion "1"]
[SourceVersionDate "2012.11.22"]
[SourceQuality "1"]
[WhiteTeam "Gleisdorf"]
[BlackTeam "Weiz"]
[WhiteTeamCountry "AUT"]
[BlackTeamCountry "AUT"]

1. c4 c5 2. Nf3 g6 3. d4 Bg7 4. e4 Qb6 5. dxc5 Qxc5 6. Nc3 Nf6 7. Be2 Nc6 8. 0-0 Ng4 9. Nd5 0-0 10. h3 Nge5 11. Nxe5 Bxe5 12. Be3 Qa5 13. b4 Qd8 14. Rb1 e6 15. Nf4 f5 16. exf5 Rxf5 17. Nd3 Bg7 18. Qd2 d5 19. cxd5 exd5 20. Rbc1 Ne5 21. Nxe5 Rxe5 22. Bd4 Rxe2 23. Qxe2 Bxd4 24. Rfd1 Bg7 25. Rc5 d4 26. Qc4+ Kh8 27. Qf7 Qg8 28. Qe7 Qf8 29. Rc7 Qxe7 30. Rxe7 Bf5 31. Rxb7 Bc2 32. Rxg7 Bxd1 33. Rd7 Ba4 34. Rxd4 Rb8 35. f4 Kg7 36. Kf2 Rc8 37. Ke3 Rc2 38. Rd2 Rxd2 39. Kxd2 Bc6 40. g4 Bg2 41. h4 Bf3 42. g5 Kf7 43. Ke3 Bd5 44. a4 Bb3 45. a5 Ke6 46. Kd4 Ba4 47. Kc5 a6 0-1

[Event "Steyr Landesliga 1112"]
[Site "Austria"]
[Date "2011.09.24"]
[Round "1.3"]
[White "Sonnberger, Thomas"]
[Black "Spindelboeck, Gernot"]
[Result "0-1"]
[WhiteElo "2207"]
[BlackElo "2235"]
[PlyCount "88"]
[EventDate "2011.09.24"]
[EventType "team-tourn"]
[EventRounds "11"]
[EventCountry "AUT"]
[SourceTitle "EXT 2013"]
[Source "ChessBase"]
[SourceDate "2012.11.22"]
[SourceVersion "1"]
[SourceVersionDate "2012.11.22"]
[SourceQuality "1"]
[WhiteTeam "Weiz"]
[BlackTeam "Graz Austria"]
[WhiteTeamCountry "AUT"]
[BlackTeamCountry "AUT"]

1. d4 Nf6 2. c4 e6 3. g3 d5 4. Bg2 Be7 5. Nf3 0-0 6. 0-0 Nbd7 7. cxd5 exd5 8. Nc3 c6 9. Qc2 Re8 10. Bf4 Nf8 11. Rad1 g6 12. Ne5 Bf5 13. Qb3 Qb6 14. Qxb6 axb6 15. f3 b5 16. e4 b4 17. exf5 bxc3 18. bxc3 Rxa2 19. Rb1 Ra7 20. Rf2 N6d7 21. Nxd7 Nxd7 22. Re2 Nf6 23. Rbe1 b5 24. Bh6 Kh8 25. fxg6 hxg6 26. Bf4 Kg7 27. g4 Ng8 28. Bd6 Kf8 29. h4 Rea8 30. Bxe7+ Rxe7 31. Rxe7 Nxe7 32. Re3 Ra3 33. Kf2 Nc8 34. h5 Kg7 35. Re8 Nb6 36. hxg6 Kxg6 37. Rb8 Na4 38. c4 dxc4 39. f4 Ra2+ 40. Kg3 Rxg2+ 41. Kxg2 c3 42. Re8 c2 43. Re1 b4 44. Rc1 b3 0-1

[Event "Zalakaros op 30th"]
[Site "Zalakaros"]
[Date "2011.05.21"]
[Round "2"]
[White "Bea, Boglarka"]
[Black "Sonnberger, Thomas"]
[Result "0-1"]
[WhiteElo "2124"]
[BlackElo "2236"]
[PlyCount "96"]
[EventDate "2011.05.20"]
[EventType "swiss"]
[EventRounds "9"]
[EventCountry "HUN"]
[SourceTitle "CBM 142 Extra"]
[Source "ChessBase"]
[SourceDate "2011.06.27"]
[SourceVersion "1"]
[SourceVersionDate "2011.06.27"]
[SourceQuality "1"]

1. e4 c6 2. d4 d5 3. Nc3 dxe4 4. Nxe4 Nd7 5. Ng5 h6 6. Ne6 Qa5+ 7. Bd2 Qb6 8. Bd3 Ngf6 9. Nxf8 Nxf8 10. Ne2 Bg4 11. f3 Bh5 12. b3 Bg6 13. Bxg6 Nxg6 14. 0-0 0-0 15. c4 e5 16. Be3 Rad8 17. c5 Qc7 18. Qc2 Rfe8 19. Bf2 exd4 20. Nxd4 Qf4 21. Rad1 Nd5 22. Nf5 Nb4 23. Qc3 Qxf5 24. Qxb4 Rxd1 25. Rxd1 Qc2 26. Qd2 Re2 27. Qxc2 Rxc2 28. Kf1 Rxa2 29. Rd8+ Kh7 30. Rd7 Ra1+ 31. Ke2 Nf4+ 32. Ke3 Nd5+ 33. Kd3 Rd1+ 34. Kc2 Ne3+ 35. Bxe3 Rxd7 36. Bf2 Rd5 37. Be3 h5 38. h4 Kg6 39. g4 f5 40. g5 f4 41. Bf2 Kf5 42. Bg1 g6 43. Bf2 Ke5 44. Bg1 Rd4 45. Bf2 Kd5 46. Bg1 Rb4 47. Kc3 a5 48. Bf2 Rb5 0-1

[Event "Zalakaros op 30th"]
[Site "Zalakaros"]
[Date "2011.05.20"]
[Round "1"]
[White "Sonnberger, Thomas"]
[Black "Chernyshov, Konstantin"]
[Result "0-1"]
[WhiteElo "2236"]
[BlackElo "2564"]
[PlyCount "94"]
[EventDate "2011.05.20"]
[EventType "swiss"]
[EventRounds "9"]
[EventCountry "HUN"]
[SourceTitle "CBM 142 Extra"]
[Source "ChessBase"]
[SourceDate "2011.06.27"]
[SourceVersion "1"]
[SourceVersionDate "2011.06.27"]
[SourceQuality "1"]

1. d4 e6 2. Nf3 Nf6 3. g3 b6 4. Bg2 Bb7 5. 0-0 Be7 6. c4 0-0 7. Nc3 Na6 8. a3 Ne4 9. Qc2 Nxc3 10. Qxc3 f5 11. Rd1 Bf6 12. Bf4 Nc5 13. Be5 Ne4 14. Qc2 d6 15. Bxf6 Qxf6 16. Nd2 Rae8 17. Nxe4 Bxe4 18. Qd2 Bxg2 19. Kxg2 e5 20. e3 f4 21. dxe5 f3+ 22. Kh1 Rxe5 23. Qe1 Re4 24. b3 Qb2 25. Qd2 Qf6 26. Qd5+ Re6 27. Rac1 Kh8 28. Rd4 Ree8 29. Rcd1 Qg6 30. Rf4 Rxf4 31. exf4 Qg4 32. Kg1 h6 33. h3 Qxh3 34. Qxf3 a5 35. b4 axb4 36. axb4 Qf5 37. Qc6 Re7 38. c5 Qh5 39. Rc1 bxc5 40. bxc5 d5 41. Qb5 Qf3 42. c6 h5 43. Qb8+ Kh7 44. Qf8 Qe4 45. Qc8 Re6 46. Qd8 h4 47. Rd1 Qf3 0-1